Partie d'image #1 - Statistiques

Statistiques générales
  • Ce quiz a été pris 97 fois
  • Le résultat moyen est 12 sur 16
Statistiques - réponses
Par images Réponse % Correct
Maïs / Blé d'inde
100%
Crayon de bois
99%
Livre
98%
Chat
97%
Rose
95%
Maison
93%
Soulier
92%
Canard col-vert
91%
Cadeau
89%
Balle de tennis
87%
Ordinateur
87%
Lunettes
59%
Revolver
56%
Bonhomme de neige
48%
Australie
46%
Crosse de hockey
8%
Aucun quiz correspondant
Distribution des résultats
% des personnes avec chaque résultat
Percentile par nombre de réponses
Votre historique - résultats
Vous n’avez pas pris ce quiz